Top 10 des pays par PIB par habitant - Statistiques

Statistiques générales
  • Ce quiz a été pris 291 fois
  • Le résultat moyen est 6 sur 10
Statistiques - réponses
Hint Réponse % Correct
7 Etats-Unis
93%
4 Suisse
83%
1 Luxembourg
73%
6 Qatar
63%
3 Norvège
61%
5 Singapour
57%
10 Australie
53%
9 Danemark
52%
8 Islande
43%
2 Irlande
41%
Aucun quiz correspondant
Distribution des résultats
% des personnes avec chaque résultat
Percentile par nombre de réponses
Votre historique - résultats
Vous n’avez pas pris ce quiz